Apologético / (Record n. 36616)

Dettagli MARC
000 -LEADER
fixed length control field 01059nam a2200289 i 4500
003 - CONTROL NUMBER IDENTIFIER
control field IT-RoINE
005 - DATE AND TIME OF LATEST TRANSACTION
control field 20220301102541.0
008 - FIXED-LENGTH DATA ELEMENTS--GENERAL INFORMATION
fixed length control field 211210s2021 sp r 001 |dspa d
020 ## - INTERNATIONAL STANDARD BOOK NUMBER
International Standard Book Number 9788497155090
040 ## - CATALOGING SOURCE
Original cataloging agency PUG
Language of cataloging ita
Modifying agency mdb
-- IT-RoINE
Description conventions rda
Transcribing agency IT-RoINE
041 1# - LANGUAGE CODE
Language code of text/sound track or separate title spa
-- lat
100 0# - MAIN ENTRY--PERSONAL NAME
Personal name Julián,
Titles and other words associated with a name Santo, Arzobispo de Toledo,
Dates associated with a name 642-690
9 (RLIN) 9295
240 10 - UNIFORM TITLE
Uniform title De tribus substantiis in Christo manentibus.
Language of a work Latín y español
245 10 - TITLE STATEMENT
Title Apologético /
Statement of responsibility, etc Julián de Toledo ; introducción, texto crítico, traducción y notas de Juan Antonio Cabrera Montero.
260 ## - PUBLICATION, DISTRIBUTION, ETC. (IMPRINT)
Place of publication, distribution, etc Madrid :
Name of publisher, distributor, etc Ciudad nueva,
Date of publication, distribution, etc 2021.
300 ## - PHYSICAL DESCRIPTION
Extent 228 p. ;
Dimensions 24 cm.
336 ## - CONTENT TYPE
Content type term testo
Content type code txt
Source rdacontent
337 ## - MEDIA TYPE
Source rdamedia
Media type term unmediated
338 ## - CARRIER TYPE
Source rdacarrier
Carrier type term volume
490 1# - SERIES STATEMENT
Series statement Fuentes patrísticas ;
Volume number/sequential designation 35
500 ## - GENERAL NOTE
General note Incluye índices.
504 ## - BIBLIOGRAPHY, ETC. NOTE
Bibliography, etc Fuentes y bibliografía: p. [143]-154.
546 ## - LANGUAGE NOTE
Language note Texto en latín y traducción en español.
700 1# - ADDED ENTRY--PERSONAL NAME
Personal name Cabrera Montero, Juan Antonio
9 (RLIN) 70947
830 ## - SERIES ADDED ENTRY--UNIFORM TITLE
Uniform title Fuentes patrísticas ;
Volume number/sequential designation 35
9 (RLIN) 39866
942 ## - ADDED ENTRY ELEMENTS (KOHA)
Item type Monografías
Dati di copia
Withdrawn status Lost status Damaged status Not for loan Home library Current library Date acquired Full call number Barcode Date last seen Price effective from Koha item type
        Iglesia Nacional Española en Roma Iglesia Nacional Española en Roma 01/03/2022 PAT 113.35 64232 01/03/2022 01/03/2022 Monografías